000 00820nam a2200241Ia 4500
003 OSt
005 20220923221625.0
006 a|||||r|||| 00| 0
007 ta
008 220922b |||||||| |||| 00| 0 hin d
024 _a198,750
037 _cTextual
040 _aARTS
_cARTS
_bhin
041 _2hin
_ahin
082 _aP152:75, 152L3
100 _aपन्त, श्रीधर प्रसाद, सुधांशु
_9165513
245 0 _aसंक्षिप्त इतिहास
246 _aSankṣpunta itihāsa
260 _aबरेली
_b स्टूडेन्ट स्टोर
_c1973
300 _a155पृ.
_ccm.
942 _hP152:75, 152L3
_cTEXL
_2CC
999 _c350559
_d350559